000 00574nmm a2200169Ia 4500
008 251105s9999||||xx |||||||||||||||||und||
020 _a9789681663773
041 _aspa
100 _aGonzález Pedrero, Enrique
245 0 _aPaís de un solo hombre, II :
_b El México de Santa Anna. La sociedad del fuego cruzado
264 _a[México D.C., Mexico] :
_bFondo de Cultura Económica,
_c2013
300 _a852 páginas
490 _aHistoria
650 _aHistory of the Americas: Latin America
856 _uhttps://public.digitaliapublishing.com/a/43320
942 _cCF
999 _c96917
_d96917